A cluster fejfájás trigeminovascularis elmélete

Elmentve itt :
Bibliográfiai részletek
Szerzők: Tajti János
Szok Délia
Vécsei László
Dokumentumtípus: Cikk
Megjelent: 1996
Sorozat:IDEGGYOGYASZATI SZEMLE / CLINICAL NEUROSCIENCE 49 No. 9-10
Tárgyszavak:
mtmt:1078144
Online Access:http://publicatio.bibl.u-szeged.hu/31909
LEADER 00744nab a2200217 i 4500
001 publ31909
005 20250307103519.0
008 250307s1996 hu o 000 hun d
022 |a 0019-1442; 2498-6208 
024 7 |a 1078144  |2 mtmt 
040 |a SZTE Publicatio Repozitórium  |b hun 
041 |a hun 
100 1 |a Tajti János 
245 1 2 |a A cluster fejfájás trigeminovascularis elmélete  |h [elektronikus dokumentum] /  |c  Tajti János 
260 |c 1996 
300 |a 337-341 
490 0 |a IDEGGYOGYASZATI SZEMLE / CLINICAL NEUROSCIENCE  |v 49 No. 9-10 
650 4 |a Általános orvostudomány 
700 0 1 |a Szok Délia  |e aut 
700 0 1 |a Vécsei László  |e aut 
856 4 0 |u http://publicatio.bibl.u-szeged.hu/31909/1/aok_klny_451_96.pdf  |z Dokumentum-elérés